Zmena podmienok pôsobenia úverových inštitúcií v EÚ
Informácia o návrhu smernice pozmeňujúcej Smernicu o kapitálovej primeranosti (CAD) (93/6/EEC) a konsolidovanú Smernicu o bankovníctve (2000/12/EC), ktorou sa bude uplatňovať v Európskej únii nová bazilejská rámcová dohoda (Medzinárodné zbližovanie kapitálových opatrení a kapitálových štandardov).
Na minha lista:
| Formato: | Capítulo de Livro |
|---|---|
| Idioma: | eslovaco |
| Assuntos: | |
| Tags: |
Sem tags, seja o primeiro a adicionar uma tag!
|
MARC
| LEADER | 00000naa$a2200000$$$4500 | ||
|---|---|---|---|
| 001 | 0026524 | ||
| 005 | 20231004125921.1 | ||
| 041 | 0 | |a slo | |
| 044 | |a SK | ||
| 245 | 1 | 0 | |a Zmena podmienok pôsobenia úverových inštitúcií v EÚ |
| 520 | |a Informácia o návrhu smernice pozmeňujúcej Smernicu o kapitálovej primeranosti (CAD) (93/6/EEC) a konsolidovanú Smernicu o bankovníctve (2000/12/EC), ktorou sa bude uplatňovať v Európskej únii nová bazilejská rámcová dohoda (Medzinárodné zbližovanie kapitálových opatrení a kapitálových štandardov). | ||
| 610 | 2 | 0 | |a Európska únia |
| 610 | 2 | 0 | |a legislatíva |
| 610 | 2 | 0 | |a banky |
| 610 | 2 | 0 | |a ústavy úverové |
| 610 | 2 | 0 | |a dohľad bankový |
| 610 | 2 | 0 | |a primeranosť kapitálová |